000 00425nam a22001577a 4500
003 MPLRDC
005 20220104142808.0
008 210129b ||||| |||| 00| 0 eng d
082 _a051.33887 TM 1956
100 _a李谷僧主编
245 _a新加坡端蒙中学五十周年纪念刊
_c
260 _a
_b新加坡端蒙中学
_c1956
300 _b
650 _a学术纪要、学刊
942 _cBK
_o051.33887 TM 1956
999 _c33776
_d33766